Star Wars Charaktere und Planeten in "Eine dunkle Bedrohung" - Statistiken

Allgemein
  • Dieses Quiz wurde 726 mal gespielt
  • Das Durchschnittsergebnis liegt bei 9 aus 13
Antwortstatistiken
Hint Antwort % Korrekt
0 Obi-Wan Kenobi
95%
0 Anakin Skywalker
93%
0 Padme Amidala
89%
0 Darth Maul
82%
0 Naboo
82%
0 Qui-Gon Jinn
78%
0 Tatooine
76%
0 Jar Jar Binks
69%
0 Coruscant
67%
0 Kanzler Palpatine
67%
0 C-3PO
47%
0 R2-D2
47%
0 Watto
37%
Keine übereinstimmenden Quizze gefunden
Verteilung der Resultate
Anzahl Personen mit jedem Resultat
Perzentil nach korrekt beantworteten Fragen
Ihre Resultats-Entwicklung
Sie haben dieses Quiz noch nicht gespielt